[Event "2nd GMA World Cup prel  #1"]
[Site "Belgrade YUG"]
[Date "1988.??.??"]
[Round "?"]
[White "Timoschenko, Gennady"]
[Black "Romanishin, Oleg"]
[Result "1/2-1/2"]
[WhiteElo "2455"]
[BlackElo "2550"]
[EventDate "1988.12.??"]
[PlyCount "94"]

1.d4 Nf6 2.c4 e6 3.Nf3 c5 4.d5 d6 5.Nc3 exd5 6.cxd5 g6 7.Nd2 Bg7 8.e4 O-O 
9.Be2 Na6 10.O-O Rb8 11.Re1 Ne8 12.Bf1 f5 13.Nf3 fxe4 14.Ng5 Nac7 15.a4 
Nf6 16.Ngxe4 Nxe4 17.Nxe4 Bf5 18.Bg5 Qd7 19.Nc3 Rf7 20.Qd2 a6 21.Bh6 Re8 
22.Bxg7 Rxg7 23.h3 Qd8 24.Bd3 Rxe1+ 25.Rxe1 Re7 26.Rxe7 Qxe7 27.Bxf5 gxf5 
28.Ne2 Qe5 29.Nf4 b5 30.axb5 axb5 31.g3 Kf7 32.Qd1 Kg7 33.b3 Qd4 34.Qxd4+ 
cxd4 35.Ne6+ Nxe6 36.dxe6 Kf6 37.Kf1 Kxe6 38.Ke2 Ke5 39.Kd3 f4 40.gxf4+ 
Kxf4 41.Kxd4 Kf3 42.Kd5 Kxf2 43.Kxd6 Kg3 44.Kc5 Kxh3 45.Kxb5 h5 46.b4 h4 
47.Ka6 Kg4 1/2-1/2

[Event "2nd GMA World Cup prel  #1"]
[Site "Belgrade YUG"]
[Date "1988.??.??"]
[Round "?"]
[White "Timoshenko, Georgy"]
[Black "Babic, Drasko"]
[Result "0-1"]
[WhiteElo "2515"]
[BlackElo "2390"]
[EventDate "1988.12.??"]
[PlyCount "104"]

1.e4 e5 2.Nf3 Nc6 3.Bb5 a6 4.Ba4 Nf6 5.O-O Be7 6.Re1 b5 7.Bb3 d6 8.c3 O-O 
9.h3 Na5 10.Bc2 c5 11.d4 Qc7 12.Nbd2 Bd7 13.Nf1 cxd4 14.cxd4 Rac8 15.Re2 
Rfe8 16.Bd3 Nc6 17.Be3 exd4 18.Nxd4 Ne5 19.Bc2 Nc4 20.Bc1 Bf8 21.b3 Ne5 
22.Bg5 Qd8 23.a4 h6 24.Bf4 Nh5 25.Bh2 Qf6 26.axb5 axb5 27.Ne3 Nf4 28.Rd2 
Neg6 29.Qf3 Rc3 30.Rad1 Rec8 31.Ndf5 Qe5 32.Nxd6 Bxd6 33.Rxd6 Be6 34.R6d2 
Qg5 35.Bg3 Bxb3 36.Bxb3 Rxb3 37.e5 Ne6 38.Rd7 Ngf4 39.R1d6 Rf8 40.Bxf4 
Nxf4 41.Kh2 Qxe5 42.g3 Ne6 43.Rd5 Ng5 44.Qg4 Qb2 45.Rd2 Qf6 46.Kg2 Rb1 47.
Qf5 Qa1 48.Qd5 b4 49.h4 Nh7 50.Ra2 Rg1+ 51.Kf3 Qf6+ 52.Qf5 b3 0-1

[Event "2nd GMA World Cup prel  #1"]
[Site "Belgrade YUG"]
[Date "1988.??.??"]
[Round "?"]
[White "Timoshenko, Georgy"]
[Black "Kontic, Dordije"]
[Result "1-0"]
[WhiteElo "2515"]
[BlackElo "2370"]
[EventDate "1988.12.??"]
[PlyCount "63"]

1.e4 e6 2.d4 d5 3.Nd2 Nf6 4.e5 Nfd7 5.c3 c5 6.Bd3 Nc6 7.Ne2 cxd4 8.cxd4 f6
9.exf6 Nxf6 10.Nf3 Bd6 11.O-O O-O 12.Bf4 Bxf4 13.Nxf4 Ne4 14.Qc1 Ng5 15.
Nxg5 Qxg5 16.Ne2 Qf6 17.Qd2 e5 18.dxe5 Nxe5 19.Nd4 Qf4 20.Rad1 Bg4 21.Qxf4
Rxf4 22.f3 Rxd4 23.Bxh7+ Kxh7 24.Rxd4 Bc8 25.Re1 Nc6 26.Rh4+ Kg8 27.Re8+ 
Kf7 28.Rhh8 Ne7 29.f4 Ke6 30.Rd8 a5 31.g4 g6 32.Rhf8 1-0

[Event "2nd GMA World Cup prel  #1"]
[Site "Belgrade YUG"]
[Date "1988.??.??"]
[Round "?"]
[White "Todorcevic, Miodrag"]
[Black "Arkhipov, Sergei"]
[Result "1/2-1/2"]
[WhiteElo "2525"]
[BlackElo "2460"]
[EventDate "1988.12.??"]
[PlyCount "120"]

1.Nf3 g6 2.e4 d6 3.g3 Bg7 4.Bg2 c5 5.O-O Nc6 6.c3 Nf6 7.Re1 O-O 8.d3 Rb8 
9.a3 b6 10.b4 a5 11.b5 Ne5 12.d4 Nxf3+ 13.Qxf3 Nd7 14.Be3 e6 15.Nd2 Bb7 
16.Qe2 Rc8 17.Nc4 Qc7 18.Rac1 Rfe8 19.Qd2 Rcd8 20.Bg5 f6 21.Be3 Nf8 22.a4 
Kh8 23.Qe2 Bc8 24.e5 fxe5 25.dxe5 dxe5 26.Bg5 Rd5 27.Qe3 Nd7 28.Bh6 Bb7 
29.Bxg7+ Kxg7 30.h4 h6 31.Qe2 Re7 32.h5 gxh5 33.Bxd5 exd5 34.Ne3 Kg6 35.
Nxd5 Bxd5 36.Qd3+ e4 37.Qxd5 Nf6 38.Qd2 Rd7 39.Qe2 c4 40.Qf1 Rd3 41.Re3 
Qe5 42.Rce1 Qxc3 43.Rxe4 Nxe4 44.Rxe4 Qc2 45.Kh2 Rf3 46.Re2 Qf5 47.Qe1 h4 
48.Re6+ Kh5 49.Rc6 Rxf2+ 50.Kg1 Rf3 51.Qe2 Qd3 52.g4+ Kxg4 53.Qe6+ Rf5 54.
Rxc4+ Kh3 55.Rc3 Qxc3 56.Qxf5+ Kg3 57.Qg6+ Kf4 58.Qxh6+ Kg4 59.Qg6+ Kf4 
60.Qxb6 Qe1+ 1/2-1/2

[Event "2nd GMA World Cup prel  #1"]
[Site "Belgrade YUG"]
[Date "1988.??.??"]
[Round "?"]
[White "Todorcevic, Miodrag"]
[Black "Kapetanovic, Armin"]
[Result "1-0"]
[WhiteElo "2525"]
[BlackElo "2395"]
[EventDate "1988.12.??"]
[PlyCount "127"]

1.Nf3 c5 2.e4 Nc6 3.d3 e6 4.Nbd2 d5 5.g3 Nf6 6.Bg2 Be7 7.O-O b6 8.Re1 Bb7 
9.c3 Qc7 10.a3 O-O 11.exd5 Nxd5 12.Nc4 Rad8 13.Qe2 Rfe8 14.Bd2 Bf8 15.b4 
b5 16.Nb2 a6 17.Rac1 e5 18.Ng5 f5 19.Nxh7 Kxh7 20.Qh5+ Kg8 21.Bxd5+ Rxd5 
22.Qxe8 Ne7 23.Qh5 Qc6 24.f3 c4 25.Qh3 cxd3 26.c4 bxc4 27.Nxc4 e4 28.Na5 
Qb6+ 29.Be3 Qb5 30.fxe4 Re5 31.Nxb7 Qxb7 32.Bf4 Rxe4 33.Qg2 Ng6 34.Rxe4 
fxe4 35.Re1 Nxf4 36.gxf4 a5 37.Qxe4 d2 38.Qe6+ Kh8 39.Qh3+ Kg8 40.Qb3+ Kh8
41.Re5 g6 42.Rd5 axb4 43.axb4 Qxb4 44.Qxb4 Bxb4 45.Rd7 Kg8 46.Kf2 Kf8 47.
Ke2 Ke8 48.Rd4 Ba5 49.Ra4 Bc3 50.Kd1 Kf7 51.Ra6 Kg7 52.h3 Kf7 53.Ke2 Kg7 
54.Rc6 Ba5 55.f5 gxf5 56.Rc5 Bb4 57.Rxf5 Kg6 58.Rd5 Bc3 59.Kf3 Kf6 60.h4 
Ke6 61.Rd3 Kf5 62.h5 Ke5 63.Ke2 Ba1 64.Rf3 1-0

[Event "2nd GMA World Cup prel  #1"]
[Site "Belgrade YUG"]
[Date "1988.??.??"]
[Round "?"]
[White "Todorcevic, Miodrag"]
[Black "Marjanovic, Slavoljub"]
[Result "1-0"]
[WhiteElo "2525"]
[BlackElo "2485"]
[EventDate "1988.12.??"]
[PlyCount "97"]

1.e4 e6 2.d3 d5 3.Nd2 c5 4.g3 Nc6 5.Bg2 Nge7 6.Ngf3 g6 7.O-O Bg7 8.Re1 b6 
9.c3 h6 10.exd5 Nxd5 11.Nc4 Bb7 12.Bd2 Qc7 13.a3 Rd8 14.Qe2 O-O 15.Rac1 a5
16.a4 Kh7 17.h4 Rfe8 18.Rcd1 e5 19.h5 g5 20.Bc1 f5 21.Qc2 Kh8 22.Qb3 Re6 
23.Re2 Bf6 24.Rde1 g4 25.Nh2 Nce7 26.Bxh6 Bc6 27.Bc1 Be8 28.h6 Bf7 29.Nf1 
Ng6 30.Qc2 Qd7 31.Bxd5 Qxd5 32.Nce3 Qd7 33.Nxf5 Rc6 34.N5e3 Nf8 35.Nc4 Ng6
36.Nh2 Rg8 37.Re4 Be6 38.Ne3 Ne7 39.Qe2 Rd6 40.Nexg4 Bxg4 41.Nxg4 Nc6 42.
Kg2 Rg6 43.Qf3 Kh7 44.Be3 Bh8 45.Rh1 Rxd3 46.Rh5 Qe6 47.Rf5 Rd7 48.Bg5 c4 
49.Be3 1-0

[Event "2nd GMA World Cup prel  #1"]
[Site "Belgrade YUG"]
[Date "1988.??.??"]
[Round "?"]
[White "Todorcevic, Miodrag"]
[Black "Schmidt, Wlodzimierz"]
[Result "1-0"]
[WhiteElo "2525"]
[BlackElo "2465"]
[EventDate "1988.12.??"]
[PlyCount "65"]

1.e4 e6 2.d3 c5 3.Nf3 Nc6 4.g3 Nge7 5.Bg2 g6 6.O-O Bg7 7.c3 O-O 8.Re1 e5 
9.a3 d6 10.b4 a6 11.Bb2 h6 12.Nbd2 Be6 13.Nb3 b6 14.Rb1 Qd7 15.d4 exd4 16.
cxd4 Bxb3 17.Qxb3 Nxd4 18.Nxd4 cxd4 19.Rbd1 Nc6 20.f4 Rac8 21.Rf1 Kh7 22.
h4 h5 23.Kh2 Rc7 24.Rf2 b5 25.Rdf1 a5 26.e5 dxe5 27.f5 Re8 28.Be4 d3 29.
Qd1 Bh6 30.fxg6+ fxg6 31.Qxh5 Rg8 32.Bc1 Qg7 33.Rf7 1-0

[Event "2nd GMA World Cup prel  #1"]
[Site "Belgrade YUG"]
[Date "1988.??.??"]
[Round "?"]
[White "Todorovic, Goran M."]
[Black "Voiska, Margarita"]
[Result "1-0"]
[WhiteElo "2425"]
[BlackElo "2350"]
[EventDate "1988.12.??"]
[PlyCount "77"]

1.e4 e6 2.d4 d5 3.Nd2 Nf6 4.Bd3 c5 5.e5 Nfd7 6.c3 Nc6 7.Ne2 Qb6 8.Nf3 cxd4
9.cxd4 f6 10.Nc3 f5 11.O-O Be7 12.Ne2 Qd8 13.Nf4 Nb6 14.g3 g6 15.h4 Kf7 
16.a3 Bd7 17.Kg2 Rc8 18.Be3 Na5 19.b3 Na8 20.Ng5+ Bxg5 21.hxg5 Nc7 22.Rc1 
Nb5 23.Rxc8 Qxc8 24.Ne2 b6 25.Qa1 Qb7 26.a4 Nc7 27.Qa3 Nc4 28.Qc1 Nxe5 29.
Bb1 Nc6 30.Bf4 e5 31.dxe5 Ne6 32.Qb2 d4 33.f3 h6 34.gxh6 g5 35.Bxg5 Nxg5 
36.Nxd4 Nxd4 37.Qxd4 Nxf3 38.e6+ Bxe6 39.Qg7+ 1-0

[Event "2nd GMA World Cup prel  #1"]
[Site "Belgrade YUG"]
[Date "1988.??.??"]
[Round "?"]
[White "Todorovic, Goran N."]
[Black "Groszpeter, Attila"]
[Result "1-0"]
[WhiteElo "2400"]
[BlackElo "2510"]
[EventDate "1988.12.??"]
[PlyCount "161"]

1.Nf3 Nf6 2.c4 e6 3.Nc3 Bb4 4.Qc2 O-O 5.a3 Bxc3 6.Qxc3 b6 7.b4 Bb7 8.Bb2 
Qe7 9.e3 d6 10.Be2 Nbd7 11.O-O c5 12.Rfd1 Rfc8 13.d3 Nf8 14.Qd2 a5 15.Bc3 
a4 16.Qb2 Ng6 17.Rab1 Bc6 18.Qa1 e5 19.Ne1 Nh4 20.g3 Ng6 21.Bf3 Bxf3 22.
Nxf3 h5 23.Qb2 Qe6 24.e4 h4 25.Ne1 Qh3 26.Qe2 Ng4 27.Nf3 Rf8 28.Qf1 Qxf1+ 
29.Rxf1 f5 30.Ng5 hxg3 31.fxg3 f4 32.Bd2 fxg3 33.hxg3 Rxf1+ 34.Rxf1 Rf8 
35.Ne6 Rxf1+ 36.Kxf1 Ne7 37.Nc7 Kf7 38.Nb5 Ke6 39.bxc5 bxc5 40.Nc3 Nc6 41.
Nxa4 Nd4 42.Nb6 Nf6 43.a4 Ne8 44.Nd5 Kd7 45.Bc3 Ne6 46.Ke2 N8c7 47.Nxc7 
Kxc7 48.Kf3 Kb6 49.Kg4 g6 50.Bd2 Ka6 51.Bg5 Ka5 52.Be7 Kxa4 53.Bxd6 Ka5 
54.Bxe5 Kb6 55.Kf3 Kc6 56.Ke3 Ng5 57.Bc3 Ne6 58.Bb2 Kd6 59.Kf3 Kc6 60.Bf6 
Kd7 61.Ke3 Kc6 62.d4 cxd4+ 63.Bxd4 Kd7 64.Kd3 Kd6 65.c5+ Kc6 66.Be3 Kb5 
67.Kc3 Kc6 68.Kc4 Nf8 69.Bf4 Ne6 70.Bd6 Ng5 71.Kd4 Nf7 72.Bf8 Ng5 73.Ke5 
Nf3+ 74.Kf6 Nd2 75.Kxg6 Nxe4 76.g4 Kd5 77.g5 Ke5 78.c6 Ke6 79.Bb4 Nf2 80.
c7 Kd7 81.Bd6 1-0

[Event "2nd GMA World Cup prel  #1"]
[Site "Belgrade YUG"]
[Date "1988.??.??"]
[Round "?"]
[White "Todorovic, Goran N."]
[Black "Rashkovsky, Nukhim"]
[Result "0-1"]
[WhiteElo "2400"]
[BlackElo "2500"]
[EventDate "1988.12.??"]
[PlyCount "103"]

1.Nf3 Nf6 2.c4 e6 3.Nc3 d5 4.d4 Bb4 5.cxd5 exd5 6.Bg5 Qd6 7.Bxf6 Qxf6 8.
Qb3 Qd6 9.a3 Ba5 10.Qb5+ Nc6 11.b4 Bb6 12.Qxd5 Nxd4 13.Qxd6 Nxf3+ 14.gxf3 
cxd6 15.Nd5 Be6 16.Nxb6 axb6 17.Kd2 Ke7 18.e3 Ra7 19.Kc3 Rc8+ 20.Kb2 Bf5 
21.e4 Be6 22.Bd3 g5 23.h4 h6 24.hxg5 hxg5 25.Rh6 Raa8 26.Rg1 Rc7 27.Rhh1 
Rac8 28.Rc1 Rxc1 29.Rxc1 Rxc1 30.Kxc1 Kf6 31.Kd2 Ke5 32.Ke3 f5 33.Be2 Bd7 
34.Bc4 b5 35.Bf1 Bc6 36.Bd3 f4+ 37.Kd2 Kd4 38.Be2 Be8 39.Bd1 Bh5 40.Be2 
Be8 41.Bd3 Bc6 42.Be2 d5 43.exd5 Bxd5 44.Bxb5 Bxf3 45.a4 g4 46.a5 g3 47.
fxg3 fxg3 48.Ke1 Kc3 49.a6 b6 50.Bd7 Kxb4 51.Bc8 Kc5 52.Bb7 0-1

[Event "2nd GMA World Cup prel  #1"]
[Site "Belgrade YUG"]
[Date "1988.??.??"]
[Round "?"]
[White "Todorovic, Goran N."]
[Black "Vujicic, Mirko"]
[Result "1/2-1/2"]
[WhiteElo "2400"]
[BlackElo "2310"]
[EventDate "1988.12.??"]
[PlyCount "108"]

1.Nf3 c5 2.c4 e6 3.d4 d5 4.cxd5 exd5 5.g3 Nc6 6.Bg2 Nf6 7.O-O Be7 8.Nc3 
O-O 9.Bf4 c4 10.Ne5 Be6 11.Nxc4 dxc4 12.d5 Nxd5 13.Nxd5 Bxd5 14.Qxd5 Qb6 
15.Qxc4 Qxb2 16.Rab1 Qa3 17.Bc1 Qd6 18.Be3 Rac8 19.Rfd1 Qa3 20.Bc1 Qa5 21.
Rxb7 Nd4 22.Qxd4 Rfd8 23.Bd5 Bf6 24.Qxa7 Rxd5 25.Qxa5 Rxa5 26.a3 h5 27.Rb3
Rc2 28.Bd2 Rd5 29.Rd3 Rxd3 30.exd3 Ra2 31.Bb4 Bb2 32.Rd2 Ra1+ 33.Kg2 Bxa3 
34.Bxa3 Rxa3 35.Kf3 Kf8 36.h4 Ke7 37.Ke3 g6 38.Rb2 Ra1 39.Ke4 Ke6 40.Re2 
Rd1 41.Kd4+ Kd6 42.Re4 Rf1 43.Ke3 Ra1 44.Kf4 Ra5 45.f3 Rf5+ 46.Ke3 Ra5 47.
g4 hxg4 48.fxg4 Ra1 49.Kf4 f6 50.h5 gxh5 51.gxh5 Rh1 52.Rd4+ Ke6 53.Kg4 
Rg1+ 54.Kf3 Rh1 1/2-1/2

[Event "2nd GMA World Cup prel  #1"]
[Site "Belgrade YUG"]
[Date "1988.??.??"]
[Round "?"]
[White "Todorovic, Jovan"]
[Black "Gurgenidze, Bukhuti"]
[Result "0-1"]
[WhiteElo "2427"]
[BlackElo "2365"]
[EventDate "1988.12.??"]
[PlyCount "84"]

1.e4 c6 2.d4 d5 3.exd5 cxd5 4.c4 Nf6 5.Nc3 g6 6.cxd5 Bg7 7.Bb5+ Nbd7 8.d6 
O-O 9.dxe7 Qxe7+ 10.Nge2 a6 11.Bd3 b5 12.O-O Bb7 13.Bf4 b4 14.Na4 Nd5 15.
Bd2 Qh4 16.Rc1 Rfc8 17.Rxc8+ Rxc8 18.Bc1 Bf8 19.g3 Qh3 20.Be4 N7f6 21.f3 
Rxc1 22.Qxc1 Bh6 23.Qb1 Ne3 24.Rf2 Bxe4 25.fxe4 Nfg4 26.Qe1 Nxf2 27.Qxf2 
Ng4 28.Qg2 Be3+ 29.Kh1 Nf2+ 30.Kg1 Nxe4+ 31.Kh1 Qg4 32.h3 Qxe2 33.Qxe2 
Nxg3+ 34.Kg2 Nxe2 35.Kf3 Bxd4 36.Kxe2 f5 37.Kd3 Ba7 38.Kc4 g5 39.Kxb4 g4 
40.hxg4 fxg4 41.Nc3 g3 42.Ne2 g2 0-1

[Event "2nd GMA World Cup prel  #1"]
[Site "Belgrade YUG"]
[Date "1988.??.??"]
[Round "?"]
[White "Todorovic, Jovan"]
[Black "Yanovsky, Sergei"]
[Result "1-0"]
[WhiteElo "2427"]
[BlackElo "2375"]
[EventDate "1988.12.??"]
[PlyCount "79"]

1.e4 e5 2.Nf3 Nc6 3.Bb5 d6 4.d4 Bd7 5.O-O exd4 6.Nxd4 g6 7.Nc3 Bg7 8.Bxc6 
bxc6 9.Re1 Ne7 10.Bf4 f6 11.Qd2 O-O 12.Bh6 Qb8 13.Bxg7 Kxg7 14.b3 Qb6 15.
Nce2 c5 16.Nf3 Be6 17.Nf4 Bf7 18.Nd5 Nxd5 19.exd5 Rfe8 20.c4 a5 21.h4 Qb4 
22.Qb2 a4 23.g4 axb3 24.axb3 Rxa1 25.Rxa1 Bxd5 26.Ra4 Bxf3 27.Rxb4 cxb4 
28.g5 Re5 29.Kh2 fxg5 30.hxg5 Kf7 31.Kg3 Rf5 32.Qh8 Bh5 33.Qxh7+ Ke6 34.
Qxc7 Rf3+ 35.Kg2 Rxb3 36.c5 dxc5 37.Qc6+ Ke7 38.Qxc5+ Ke8 39.Qe5+ Kf8 40.
Qf6+ 1-0

[Event "2nd GMA World Cup prel  #1"]
[Site "Belgrade YUG"]
[Date "1988.??.??"]
[Round "?"]
[White "Todorovic, Jovan"]
[Black "Kosanski, Stanko"]
[Result "0-1"]
[WhiteElo "2427"]
[BlackElo "2390"]
[EventDate "1988.12.??"]
[PlyCount "108"]

1.e4 g6 2.d4 Bg7 3.Nf3 d6 4.c3 Nf6 5.Bd3 O-O 6.O-O Nc6 7.Bg5 h6 8.Bh4 e5 
9.Nbd2 Qe8 10.dxe5 Nxe5 11.Nxe5 dxe5 12.Nc4 Nh5 13.Ne3 c6 14.Bc4 Kh7 15.
Qd6 g5 16.Bg3 Nf4 17.Rad1 b5 18.Bb3 a5 19.a3 Be6 20.Bxe6 Qxe6 21.Nf5 Rfd8 
22.Qxd8 Rxd8 23.Rxd8 Ne2+ 24.Kh1 b4 25.Re1 bxa3 26.bxa3 Qc4 27.Nxg7 Qxe4 
28.Rdd1 Kxg7 29.h3 f6 30.Kh2 Qc2 31.Rd7+ Kg6 32.Rd6 Kf7 33.Rxc6 h5 34.h4 
Qe4 35.Rc7+ Kg6 36.f3 Qe3 37.hxg5 h4 38.Bxh4 Qf4+ 39.Kh3 fxg5 40.Rc6+ Kf7 
41.Rc7+ Ke6 42.g3 Qxf3 43.Rxe2 g4+ 44.Kh2 Qxe2+ 45.Kg1 Qe3+ 46.Kf1 e4 47.
Re7+ Kd5 48.Rf7 Kc6 49.Re7 Qf3+ 50.Kg1 e3 51.Bg5 Qxg3+ 52.Kh1 Qf3+ 53.Kg1 
Qf2+ 54.Kh1 g3 0-1

[Event "2nd GMA World Cup prel  #1"]
[Site "Belgrade YUG"]
[Date "1988.??.??"]
[Round "?"]
[White "Todorovic, Jovan"]
[Black "Lazic, Dragoljub"]
[Result "1-0"]
[WhiteElo "2427"]
[BlackElo "2315"]
[EventDate "1988.12.??"]
[PlyCount "63"]

1.e4 c5 2.Nf3 d6 3.d4 cxd4 4.Nxd4 Nf6 5.Nc3 a6 6.Bc4 e6 7.Be3 b5 8.Bb3 Be7
9.f4 O-O 10.e5 dxe5 11.fxe5 Nfd7 12.O-O Nxe5 13.Qh5 Nbc6 14.Nxc6 Nxc6 15.
Rf3 g6 16.Qh6 f6 17.Rd1 Qe8 18.Ne4 Na5 19.Bd4 Nxb3 20.Bxf6 Rxf6 21.Nxf6+ 
Bxf6 22.Rxf6 Nc5 23.Qe3 Qe7 24.Rdf1 Bb7 25.Rf7 Qd6 26.Qh6 Qd4+ 27.Kh1 
Bxg2+ 28.Kxg2 Qg4+ 29.Kh1 Qe4+ 30.R1f3 Qe1+ 31.Kg2 Qd2+ 32.Qxd2 1-0

[Event "2nd GMA World Cup prel  #1"]
[Site "Belgrade YUG"]
[Date "1988.??.??"]
[Round "?"]
[White "Todorovic, Jovan"]
[Black "Raicevic, Momcilo"]
[Result "0-1"]
[WhiteElo "2427"]
[BlackElo "2370"]
[EventDate "1988.12.??"]
[PlyCount "98"]

1.e4 c5 2.Nf3 d6 3.d4 cxd4 4.Nxd4 Nf6 5.Nc3 a6 6.Bc4 e6 7.Be3 b5 8.Bb3 Be7
9.f4 Bb7 10.O-O Nc6 11.f5 Nxd4 12.Qxd4 e5 13.Qd3 O-O 14.Nd5 Bxd5 15.exd5 
Ng4 16.a4 Nxe3 17.Qxe3 Bg5 18.Qe4 Qb6+ 19.Kh1 Qd4 20.Qxd4 exd4 21.axb5 
axb5 22.Rxa8 Rxa8 23.Re1 Bd2 24.Rd1 Re8 25.Kg1 Be3+ 26.Kf1 Re5 27.g4 h5 
28.h3 hxg4 29.hxg4 Re4 30.Ke2 Rxg4 31.Rf1 Kf8 32.f6 g5 33.Ra1 Kg8 34.Ra6 
Bf4 35.Kf3 Rg1 36.Ke4 Kh7 37.Kxd4 Kg6 38.Rb6 Kxf6 39.Rxb5 g4 40.Ke4 Be5 
41.Ke3 g3 42.Rb4 Kg5 43.Ba4 Re1+ 44.Kf3 Rf1+ 45.Kg2 Rf2+ 46.Kg1 f5 47.Bb5 
Rxc2 48.Bd3 Rd2 49.Rb3 Bd4+ 0-1

[Event "2nd GMA World Cup prel  #1"]
[Site "Belgrade YUG"]
[Date "1988.??.??"]
[Round "?"]
[White "Tosic, Miroslav"]
[Black "Brujic, Bozidar"]
[Result "1-0"]
[WhiteElo "2405"]
[BlackElo "2240"]
[EventDate "1988.12.??"]
[PlyCount "120"]

1.d4 Nf6 2.c4 g6 3.Nc3 Bg7 4.e4 O-O 5.f3 c6 6.Bg5 d6 7.Qd2 a6 8.Nge2 b5 9.
Ng3 h5 10.Be2 Nbd7 11.O-O e5 12.d5 b4 13.Na4 c5 14.Rae1 Qa5 15.b3 Re8 16.
Bd3 Nh7 17.Bh6 Bh8 18.Bc2 Ra7 19.a3 Rb7 20.axb4 Rxb4 21.Qf2 Qd8 22.Nxh5 f6
23.Ng3 g5 24.Nf5 Nb6 25.Nc3 Kf7 26.Na2 Kg6 27.Nxb4 cxb4 28.Ra1 Qc7 29.g4 
Bxf5 30.gxf5+ Kxh6 31.Rxa6 Rb8 32.Rfa1 Nf8 33.Ra7 Qc8 34.R1a5 Nbd7 35.Kg2 
Nc5 36.Qg3 Nfd7 37.Qh3+ Kg7 38.Qh5 Kg8 39.h4 gxh4 40.Kh3 Bg7 41.Qg6 Qf8 
42.Rc7 Qd8 43.Rca7 Qb6 44.Ra1 Qd8 45.Rg1 Qf8 46.Rg4 Qf7 47.Qh6 Kf8 48.Qd2 
Ke7 49.Rg6 Bf8 50.f4 exf4 51.Qxf4 Qh7 52.Qf2 Kd8 53.Rxf6 Qg7 54.e5 Qg3+ 
55.Qxg3 hxg3 56.Rxf8+ Nxf8 57.e6 Rb7 58.Ra8+ Ke7 59.f6+ Kxf6 60.Rxf8+ Ke5 
1-0

[Event "2nd GMA World Cup prel  #1"]
[Site "Belgrade YUG"]
[Date "1988.??.??"]
[Round "?"]
[White "Tosic, Miroslav"]
[Black "Ilic, Zoran"]
[Result "1/2-1/2"]
[WhiteElo "2405"]
[BlackElo "2360"]
[EventDate "1988.12.??"]
[PlyCount "23"]

1.c4 e5 2.Nc3 Nc6 3.g3 g6 4.Bg2 Bg7 5.Rb1 d6 6.b4 a6 7.Nf3 f5 8.O-O Nf6 9.
d3 O-O 10.Bd2 h6 11.Ne1 Rb8 12.a4 1/2-1/2

[Event "2nd GMA World Cup prel  #1"]
[Site "Belgrade YUG"]
[Date "1988.??.??"]
[Round "?"]
[White "Tosic, Miroslav"]
[Black "Palac, Mladen"]
[Result "0-1"]
[WhiteElo "2405"]
[BlackElo "2335"]
[EventDate "1988.12.??"]
[PlyCount "64"]

1.c4 Nf6 2.Nc3 e6 3.Nf3 Bb4 4.Qc2 O-O 5.a3 Bxc3 6.Qxc3 b6 7.g3 Bb7 8.Bg2 
d5 9.cxd5 Nxd5 10.Qc2 c5 11.O-O Nc6 12.b3 e5 13.Bb2 Re8 14.Rfd1 Rc8 15.e3 
f6 16.Rac1 Qd7 17.d3 Red8 18.Qb1 Na5 19.Ba1 Qb5 20.Nd2 Ne7 21.Bxb7 Nxb7 
22.Nc4 Rd7 23.a4 Qc6 24.d4 exd4 25.exd4 Rcd8 26.Re1 Qd5 27.Re4 Nf5 28.dxc5
Nxc5 29.Rf4 Nd3 30.Rd1 g5 31.Ne5 Nxf4 32.Rxd5 Rxd5 0-1

[Event "2nd GMA World Cup prel  #1"]
[Site "Belgrade YUG"]
[Date "1988.??.??"]
[Round "?"]
[White "Trifunovic, Miroljub"]
[Black "Ernst, Thomas"]
[Result "0-1"]
[WhiteElo "2300"]
[BlackElo "2450"]
[EventDate "1988.12.??"]
[PlyCount "204"]

1.d4 Nf6 2.Nf3 e6 3.Bg5 c5 4.e3 Be7 5.Nc3 d5 6.dxc5 Bxc5 7.Bb5+ Bd7 8.
Bxd7+ Nbxd7 9.O-O Bb4 10.Qd4 Qa5 11.Ne2 Rc8 12.c3 Bd6 13.Bxf6 Nxf6 14.Nd2 
O-O 15.e4 Qc7 16.h3 Bc5 17.Qd3 Rfd8 18.exd5 Nxd5 19.Qf3 Ne3 20.fxe3 Rxd2 
21.b4 Bf8 22.Nd4 Qd7 23.Rac1 e5 24.Nb3 Rd3 25.Qe4 f6 26.c4 Bxb4 27.c5 Bd2 
28.Nxd2 Rxd2 29.a4 Qd5 30.Qg4 Rc6 31.Rb1 Rxc5 32.Rbc1 Rc6 33.e4 Qd7 34.Qh5
g6 35.Qh6 Rd4 36.Qe3 Kg7 37.a5 a6 38.Kh2 h5 39.Rxc6 Qxc6 40.Rc1 Rc4 41.
Rxc4 Qxc4 42.Qe1 f5 43.exf5 Qf4+ 44.g3 Qxf5 45.h4 Kf6 46.Qd2 Qe6 47.Qd8+ 
Qe7 48.Qh8+ Ke6 49.Qg8+ Qf7 50.Qc8+ Kd5 51.Qc2 Ke6 52.Qc8+ Kd6 53.Qd8+ Qd7
54.Qf6+ Qe6 55.Qd8+ Kc5 56.Qc7+ Kb5 57.Qxb7+ Kxa5 58.Qb2 Ka4 59.Qa1+ Kb5 
60.Qb2+ Kc6 61.Qc3+ Kd7 62.Qb4 Qc6 63.Qf8 Qc2+ 64.Kg1 Ke6 65.Qa8 Qd3 66.
Kh2 Kf5 67.Kh3 Qf1+ 68.Kh2 Qe2+ 69.Kh3 Qg4+ 70.Kh2 Qc4 71.Qf3+ Ke6 72.Qa8 
Qe2+ 73.Kh3 Qd3 74.Kh2 e4 75.Qg8+ Ke5 76.Qg7+ Kd5 77.Qxg6 Qe2+ 78.Kg1 e3 
79.Qf7+ Kd4 80.Qf6+ Kc5 81.Qe7+ Kc4 82.Qe6+ Kc3 83.Qe5+ Kc2 84.Qc5+ Kd1 
85.Qd5+ Ke1 86.Qa5+ Qd2 87.Qa1+ Qd1 88.Qa5+ Ke2+ 89.Kh2 Qd2 90.Qf5 Ke1+ 
91.Kh3 Qb4 92.Qxh5 e2 93.Qd5 Kf2 94.Qf5+ Ke3 95.Qg5+ Kd3 96.Qg6+ Kd2 97.
Qg5+ Kc2 98.Qf5+ Kc1 99.Qg5+ Qd2 100.Qc5+ Kd1 101.Qh5 Qd4 102.Qf3 Kd2 0-1

[Event "2nd GMA World Cup prel  #1"]
[Site "Belgrade YUG"]
[Date "1988.??.??"]
[Round "?"]
[White "Trifunovic, Miroljub"]
[Black "Mencinger, Vojko"]
[Result "1/2-1/2"]
[WhiteElo "2300"]
[BlackElo "2385"]
[EventDate "1988.12.??"]
[PlyCount "168"]

1.d4 Nf6 2.Nf3 c5 3.d5 g6 4.Nc3 Bg7 5.e4 O-O 6.a4 d6 7.Be2 Na6 8.O-O Nc7 
9.Re1 Bg4 10.Nd2 Bxe2 11.Rxe2 Nd7 12.Nc4 a6 13.a5 Nb5 14.Nb1 Qc7 15.c3 
Rae8 16.Bf4 e5 17.dxe6 Rxe6 18.Nba3 Qc6 19.f3 Be5 20.Bxe5 Nxe5 21.Nxe5 
Rxe5 22.Nc4 Re6 23.Rd2 Kg7 24.Rd5 f6 25.Qd3 Rd8 26.Rd1 Kf7 27.h4 Kg7 28.h5
Qc7 29.Qd2 Qc6 30.Qf4 Qc7 31.Kf2 Qe7 32.Qh2 g5 33.Ne3 Qc7 34.Nc4 Qe7 35.
Qg3 Kf8 36.h6 Kf7 37.R1d2 Kf8 38.Rf5 Ke8 39.Qh2 Kf8 40.Qh5 Qf7 41.Qxf7+ 
Kxf7 42.Rxc5 Kg6 43.Rcd5 Kxh6 44.Ne3 Kg6 45.Nf5 Rc8 46.Nxd6 Nxd6 47.Rxd6 
Re7 48.Rb6 h5 49.Rdd6 Rf8 50.c4 h4 51.b4 Rff7 52.c5 g4 53.Ke3 gxf3 54.Kxf3
Kg5 55.Rd5+ f5 56.e5 Rh7 57.Rdd6 Reg7 58.c6 bxc6 59.Rbxc6 h3 60.gxh3 Rxh3+
61.Kg2 Rh4 62.Rb6 Re4 63.Kf3 Rg8 64.Rd2 Re8 65.Rg2+ Kh5 66.Rgg6 Rh8 67.Rg2
Re8 68.Rh2+ Kg5 69.Rg2+ Kh5 70.Rgg6 Rh8 71.Rg7 Re8 72.Rh7+ Kg5 73.Rg7+ Kh5
74.Rh7+ Kg5 75.Rhh6 Rg8 76.Rh2 Re8 77.Rhh6 Rg8 78.Rhd6 Rg7 79.Rd2 Re7 80.
Rg2+ Kh5 81.Rh2+ Kg5 82.Rhh6 Rg7 83.Rhc6 Rg8 84.Re6 Rh8 1/2-1/2

[Event "2nd GMA World Cup prel  #1"]
[Site "Belgrade YUG"]
[Date "1988.??.??"]
[Round "?"]
[White "Trifunovic, Miroljub"]
[Black "Plaskett, Harold James"]
[Result "0-1"]
[WhiteElo "2300"]
[BlackElo "2450"]
[EventDate "1988.12.??"]
[PlyCount "73"]

1.d4 Nf6 2.Nf3 c5 3.d5 g6 4.c4 Bg7 5.Nc3 d6 6.e4 O-O 7.Be2 e6 8.O-O Re8 9.
Nd2 Na6 10.Rb1 Nc7 11.a3 exd5 12.cxd5 b5 13.b4 c4 14.Bb2 Qe7 15.Re1 a5 16.
bxa5 Rxa5 17.Bf1 Bd7 18.h3 Na6 19.Nf3 Nc5 20.e5 dxe5 21.d6 Qd8 22.Nxe5 Ra6
23.Nxd7 Qxd7 24.Rxe8+ Nxe8 25.Qd5 Qxd6 26.Re1 Nc7 27.Qf3 h6 28.Rd1 Qe7 29.
Rd2 Nb3 30.Re2 Re6 31.Rxe6 Qxe6 32.Qb7 Qe1 33.Qxc7 Nd2 34.Qd8+ Kh7 35.Nd5 
Qxf1+ 36.Kh2 Qxf2 37.Nf6+ 0-1

[Event "2nd GMA World Cup prel  #1"]
[Site "Belgrade YUG"]
[Date "1988.??.??"]
[Round "?"]
[White "Tringov, Georgi"]
[Black "Acimovic, Svetozar"]
[Result "1-0"]
[WhiteElo "2430"]
[BlackElo "2370"]
[EventDate "1988.12.??"]
[PlyCount "120"]

1.e4 e5 2.Nf3 d6 3.d4 exd4 4.Qxd4 Nc6 5.Bb5 Bd7 6.Bxc6 Bxc6 7.Nc3 Qf6 8.
Qd3 Ne7 9.Nb5 Kd7 10.Nbd4 Qg6 11.Nxc6 Nxc6 12.O-O Be7 13.Bf4 Bf6 14.Rad1 
Rae8 15.Rfe1 Kc8 16.c3 Re7 17.Nd4 Ne5 18.Qc2 Rhe8 19.Kh1 Nd7 20.f3 Bxd4 
21.cxd4 f5 22.Rc1 c6 23.e5 dxe5 24.dxe5 Nxe5 25.h3 Qf6 26.Qd2 h6 27.Rcd1 
Ng6 28.Rxe7 Qxe7 29.Bg3 Rd8 30.Qxd8+ Qxd8 31.Rxd8+ Kxd8 32.Bf2 Nf4 33.Bxa7
Kd7 34.Kg1 g6 35.Be3 Nd3 36.Bxh6 Nxb2 37.Kf2 Ke6 38.Ke3 c5 39.h4 Na4 40.
Kd3 Kd5 41.g4 c4+ 42.Kc2 Nc5 43.Be3 Nd3 44.h5 gxh5 45.gxh5 Ne1+ 46.Kc3 
Nxf3 47.h6 Ne5 48.h7 Ng6 49.a4 Ke4 50.Bd2 Kd5 51.Bc1 Kc5 52.Be3+ Kd5 53.a5
Ke4 54.Bg5 Kd5 55.Be3 Ke4 56.Bc1 Kd5 57.Kb4 Kd4 58.Kb5 c3 59.Kb6 Ke4 60.
Kxb7 f4 1-0

[Event "2nd GMA World Cup prel  #1"]
[Site "Belgrade YUG"]
[Date "1988.??.??"]
[Round "?"]
[White "Tringov, Georgi"]
[Black "Cvetkovic, Srdan"]
[Result "0-1"]
[WhiteElo "2430"]
[BlackElo "2450"]
[EventDate "1988.12.??"]
[PlyCount "90"]

1.e4 c5 2.Nf3 e6 3.d4 cxd4 4.Nxd4 Nf6 5.Nc3 d6 6.Be2 Be7 7.O-O Nc6 8.Kh1 
a6 9.f4 Qc7 10.Be3 O-O 11.Qe1 Bd7 12.Qg3 Kh8 13.Rad1 Rae8 14.Nf3 Nb4 15.
Rd2 d5 16.Ne5 Bb5 17.Bxb5 axb5 18.a3 Nc6 19.exd5 exd5 20.Qf3 Nxe5 21.fxe5 
Qxe5 22.Bf4 Qf5 23.Nxd5 Ne4 24.Nxe7 Rxe7 25.Rd3 Rfe8 26.h3 Qc8 27.c3 f5 
28.Rd5 g5 29.Be3 f4 30.Bf2 Qc4 31.Rfd1 Nxf2+ 32.Qxf2 Re2 33.Qf3 Re1+ 34.
Rxe1 Rxe1+ 35.Kh2 Re3 36.Rd8+ Kg7 37.Qg4 Qc5 38.Qd7+ Re7 39.Qd4+ Qxd4 40.
Rxd4 Re2 41.Rb4 f3 42.Rxb5 Rxg2+ 43.Kh1 h5 44.a4 g4 45.Rxh5 g3 0-1